|
|
|
|
| LEADER |
00000nam a22000007a 4500 |
| 005 |
20160223121938.0 |
| 007 |
cr|||| ||u| |
| 008 |
160223s2014 mx ||||| |||| 00||0 spa d |
| 020 |
|
|
|a 978-607-8384-24-2
|
| 035 |
|
|
|a 13081
|
| 040 |
|
|
|a vLex
|
| 090 |
|
|
|c 5892
|d 5892
|
| 245 |
1 |
0 |
|a Estudio integral de las pensiones que otorga el IMSS
|h [Recurso electrn̤ico] /
|c Comisin̤ Representativa ante O
|
| 256 |
|
|
|a Servicio en ln̕ea
|
| 260 |
|
|
|a Mx̌ico
|b Instituto Mexicano de Contadores Pb︢licos
|c 2014
|
| 300 |
|
|
|a 1 recurso electrn̤ico
|
| 500 |
|
|
|a Estas, y otras preguntas ms̀ encontraran respuesta en este trabajo que la Comisin̤ Representativa ante Organismos de Seguridad Social (CROSS) del Instituto Mexicano de Contadores Pb︢licos, ha puesto a disposicin̤ de todos los asegurados, ya que quienes estň interesados en pensionarse contaran con un valioso instrumento de consulta, pues se explica de manera sencilla la diferencia y convergencia de elegir la Ley 73 o la Ley 97. En Mx̌ico, el organismo encargado de otorgar la seguridad social de los trabajadores es el Instituto Mexicano de Seguro Social. En materia de pensiones, y hablan de la pensin̤ por Retiro, Cesanta̕ en edad Avanzada y Vejez- que es parte del tema de este libro-, actualmente conviven dos regm̕enes de pensionarios: los que se derivan de la ley vigente hasta el 30 de junio de 1997 (tambiň llamada Ley 73 o Rǧimen de pensin̤ en transicin̤), y la ley que entr ̤en vigor a partir del 1 de julio de 1997.
|
| 506 |
1 |
|
|a Contenido solo disponible en los productos indicados
|d vLex Global
|d vLex Global (Academic Edition, excluding Law Schools)
|d vLex Global (U.S. Academic Edition, Law Schools)
|d vLex Global (U.S. Academic Edition, excluding Law Schools)
|d vLex Global (Academic Edition, Law Schools)
|
| 650 |
0 |
4 |
|a Pensiones
|z Mx̌ico
|
| 740 |
0 |
|
|a vLex libros (servicio en ln̕ea)
|
| 856 |
4 |
0 |
|u http://vlex.com/source/estudio-integral-de-las-pensiones-que-otorga-el-imss-13081
|z Acceso restringido
|
| 942 |
|
|
|c BOOK
|
| 999 |
0 |
|
|a Pensions
|